LEADER 01969nam 2200541 450 001 9910467013403321 005 20200520144314.0 010 $a0-87462-720-6 035 $a(CKB)3830000000000619 035 $a(EBL)4396043 035 $a(SSID)ssj0001614519 035 $a(PQKBManifestationID)16341688 035 $a(PQKBTitleCode)TC0001614519 035 $a(PQKBWorkID)14230559 035 $a(PQKB)11299054 035 $a(MiAaPQ)EBC4396043 035 $a(Au-PeEL)EBL4396043 035 $a(CaPaEBR)ebr11155340 035 $a(OCoLC)940521495 035 $a(EXLCZ)993830000000000619 100 $a20130225h20132013 uy| 0 101 0 $aeng 135 $aur|n|---||||| 181 $ctxt 182 $cc 183 $acr 200 10$aRestless mind $ecuriositas & the scope of inquiry in St. Augustine's psychology /$fJoseph Torchia, O.P 210 1$aMilwaukee, Wisconsi :$cMarquette University Press,$d[2013] 210 4$d©2013 215 $a1 online resource (313 p.) 225 1 $aMarquette studies in philosophy ;$vnumber 83 300 $aDescription based upon print version of record. 311 $a0-87462-719-2 320 $aIncludes bibliographical references (pages 291-303) and indexes. 327 $aRestless Mind cover; Half Title; Title Page; Series Page; Copyright Page; Table of Contents; Dedication; Preface; Introduction; Part 1; Chapter 1; Chapter 2; Chapter 3; Part 2; Chapter 4; Chapter 5; Chapter 6; Part 3; Chapter 7; Chapter 8; Chapter 9; Conclusion; Epilogue; Bibliographies; Name Index; Subject Index 410 0$aMarquette studies in philosophy ;$vNo. 83. 606 $aCuriosity 608 $aElectronic books. 615 0$aCuriosity. 676 $a270.2092 700 $aTorchia$b N. Joseph$g(Natale Joseph),$f1953-$0900582 801 0$bMiAaPQ 801 1$bMiAaPQ 801 2$bMiAaPQ 906 $aBOOK 912 $a9910467013403321 996 $aRestless mind$92012014 997 $aUNINA LEADER 01716nam0 22003851i 450 001 UON00508533 005 20231205105446.743 010 $a978-90-272-3104-8 100 $a20220503d2008 |0itac50 ba 101 $aeng 102 $aNL 105 $a|||| ||||| 200 1 $aLanguage complexity$etypology, contact, change$fedited by Matti Miestamo, Kaius Sinnemäki, Fred Karlsson 210 $aAmsterdam [etc.]$cJohn Benjamins$d©2008 215 $aXIV, 356 p.$d25 cm 410 1$1001UON00067466$12001 $aStudies in language companion series (SLCS)$fSeries editors: Werner Abraham, Michael Noonan$v94 606 $aCambio Linguistico$3UONC054971$2FI 606 $aDialetti Creoli$3UONC017221$2FI 606 $aLingue in Contatto$3UONC056857$2FI 606 $aLingue Pidgn$3UONC017220$2FI 606 $aTipologia (Linguistica)$3UONC055763$2FI 620 $aUS$dPhiladelphia$3UONL000152 620 $aNL$dAmsterdam$3UONL001817 676 $a417.22$cLINGUE PIDGIN E CREOLE$v21 702 1$aKarlsson$bFred$3UONV109742 702 1$aMiestamo$bMatti$3UONV175728 702 1$aSinnemäki$bKaius$3UONV287591 712 $aJohn Benjamins Publishing Company$3UONV256739$4650 801 $aIT$bSOL$c20250516$gRICA 899 $aSIBA - SISTEMA BIBLIOTECARIO DI ATENEO$2UONSI 912 $aUON00508533 950 $aSIBA - SISTEMA BIBLIOTECARIO DI ATENEO$dSI II 484 $eSI 39170 5 484 951 $aSIBA - SISTEMA BIBLIOTECARIO DI ATENEO$bSI2022341 1J 20220503DDT n. 240 del 20/06/2022. 996 $aLanguage complexity$91013030 997 $aUNIOR